000 00207nam a2200109Ia 4500
100 _a#N/A
942 _cBK
245 _aLINUX MINT 10 LIVE ; ARCH LINUX
260 _b#N/A
546 _aENGLISH
999 _c23000
_d23000